Datum a čas kvízu
34
Celkem bodů
Celkový počet nahraných bodů na tomto kvízu bez doplňovacích otázek.
2.
Pořadí na kvízu
Konečné umístění týmu na tomto kvízu.
Zaznamenané odpovědi
| # | Otázka | Odpověď | Body | Výsledky |
|---|---|---|---|---|
| 1. | Vozidla taxislužeb již zřejmě... | taxametrem | 1 | |
| 2. | Jeden z favoritů prezidentskýc... | Zuzana Čaputová | 1 | |
| 3. | Dlouho očekávané tmavé téma do... | Messenger | 1 | |
| 4. | Irský oděvní řetězec, populárn... | Primark | 0 | |
| 5. | Český cyklista Zdeněk Štybar o... | v Belgii | 1 | |
| 6. | Praha, Plzeň, Pardubice, Příbr... | Prachatice | 1 | |
| 7. | Oganesson, xenon, radon, argon... | neon | 1 | |
| 8. | Babiš, Sobotka, Zeman, Topolán... | Josef Tošovský | 1 | |
| 9. | Bohdalová, Kubišová, Rettigová... | Božena Němcová | 0 | |
| 10. | Komedie omylů, Zkrocení zlé že... | Veselé paničky windsorské | 1 |